Data analysis, regression and forecasting

Saved in:
Bibliographic Details
Main Author: Schleifer, Arthur
Other Authors: Bell, David E. 1949-
Format: Book
Language:English
Published: Albany : Course technology, c1995
Series:Managerial decision analysis series
Subjects:
Tags: Add Tag
No Tags, Be the first to tag this record!

MARC

LEADER 00000nam a2200000 i 4500
001 1/17060
008 010209s1995 eng d
020 |a 1-56527-273-0 
035 |l 10065999 
040 |a GR-MY-UA  |b gre  |e aacr 
041 0 |a eng 
082 0 |a 519.5 
100 1 |a Schleifer, Arthur. 
245 1 0 |a Data analysis, regression and forecasting /  |c Arthur Schleifer, David E. Bell 
260 |a Albany :   |b Course technology,   |c c1995 
300 |a xxiv, 248 p. 
490 1 |a Managerial decision analysis series 
504 |a Includes index 
650 0 0 |a Decision making  |x Statistical methods. 
650 0 0 |a Statistics  |x Data processing. 
650 0 0 |a Regression analysis  |x Data processing. 
700 1 |a Bell, David E.  |d 1949- 
830 0 |a Managerial decision analysis series 
852 |a INST  |b CHIOS  |e 20010209  |h 519.5 SCH  |p 005200021388  |q 005200021388  |t BK  |y 0 
901 |a BIBL2-2001-1 
909 |a Χ  |b 084623 
922 |a 2ΕΛΗ  |b 200012  |c ΤΜΟΔ  |d ΜΙΧΑΛΟΠΟΥΛΟΣ 
950 |a 186-2000-09-14 
970 |a ΣΑΛΑΜΟΥΡΑ  |b ΜΑΡΙΑ  |z 2001/03/21